[Event "THA-chT"]
[Site "Bangkok"]
[Date "2019.12.18"]
[Round "6.1"]
[White "Kulpruethanon, Thanadon"]
[Black "Tantipura, Noppakorn"]
[Result "1-0"]
[WhiteElo "2278"]
[BlackElo "1983"]
[PlyCount "81"]
[EventDate "2019.12.16"]
[EventType "team-swiss"]
[EventRounds "9"]
[EventCountry "THA"]
[SourceTitle "CBM 194 Extra"]
[Source "ChessBase"]
[SourceDate "2020.03.31"]
[SourceVersion "1"]
[SourceVersionDate "2020.03.31"]
[SourceQuality "1"]
[WhiteTeam "East Bangapi"]
[BlackTeam "JCA Infinity"]
[WhiteTeamCountry "THA"]
[BlackTeamCountry "THA"]

1. e4 c5 2. Nc3 Nc6 3. Bb5 g6 4. Bxc6 dxc6 5. d3 Bg7 6. Be3 Qd6 7. Qd2 e5 8. Nge2 Nf6 9. Bh6 Nh5 10. Bxg7 Nxg7 11. Qh6 0-0 12. 0-0 f6 13. f4 Bd7 14. Rf2 Rf7 15. Raf1 exf4 16. Rxf4 Raf8 17. Kh1 Ne6 18. R4f2 Qe5 19. h3 Nd4 20. Nxd4 cxd4 21. Ne2 c5 22. b3 Bc6 23. Ng1 b6 24. Nf3 Qg3 25. Nh4 a5 26. a4 c4 27. bxc4 Bxa4 28. Nf3 Bd7 29. Nxd4 Qd6 30. Nf3 Re7 31. e5 fxe5 32. Ng5 Rxf2 33. Rxf2 Rg7 34. Ne4 Qd4 35. c3 Qxd3 36. Nf6+ Kh8 37. Nxh7 Qd1+ 38. Kh2 Qh5 39. Rf8+ Rg8 40. Nf6+ Qxh6 41. Rxg8# 1-0

[Event "Laos op"]
[Site "Vientiane"]
[Date "2018.01.05"]
[Round "4"]
[White "Tantipura, Noppakorn"]
[Black "Rom, Jasper B"]
[Result "1/2-1/2"]
[WhiteElo "1823"]
[BlackElo "2199"]
[PlyCount "224"]
[EventDate "2018.01.03"]
[EventType "swiss"]
[EventRounds "9"]
[EventCountry "LAO"]
[SourceTitle "CBM 182 Extra"]
[Source "ChessBase"]
[SourceDate "2018.02.23"]
[SourceVersion "1"]
[SourceVersionDate "2018.02.23"]
[SourceQuality "1"]

1. e4 e6 2. d4 d5 3. Nc3 Nf6 4. e5 Nfd7 5. f4 c5 6. Nf3 Nc6 7. Be3 Be7 8. Qd2 0-0 9. dxc5 Bxc5 10. Bxc5 Nxc5 11. Bd3 f6 12. exf6 Qxf6 13. g3 Bd7 14. 0-0 Rae8 15. Rae1 g6 16. Ne5 Nxe5 17. Rxe5 Bc6 18. Ne2 Nd7 19. Rg5 e5 20. Nc3 exf4 21. Rxf4 Qe7 22. Nxd5 Qc5+ 23. Kf1 Bxd5 24. c4 Rxf4+ 25. gxf4 Nf6 26. cxd5 Qd4 27. Re5 Rxe5 28. fxe5 Nxd5 29. b3 Kg7 30. Ke1 Qxe5+ 31. Qe2 Kf6 32. Qxe5+ Kxe5 33. Kd2 Nf4 34. Bf1 Kd4 35. a3 g5 36. Bb5 h5 37. Bd7 a5 38. b4 axb4 39. axb4 b6 40. Bc8 Nd5 41. b5 Nf6 42. Bb7 Ng4 43. h3 Nf2 44. Bf3 g4 45. hxg4 hxg4 46. Bc6 Ne4+ 47. Ke2 Ke5 48. Ke3 Nd6 49. Kf2 Kf4 50. Kg2 Nf5 51. Kf2 Ne3 52. Bb7 g3+ 53. Kg1 Nf5 54. Kg2 Nh4+ 55. Kg1 Ke3 56. Bc6 Nf5 57. Kg2 Kf4 58. Bb7 Ne3+ 59. Kg1 Nc2 60. Bc6 Nd4 61. Kg2 Kg4 62. Bd7+ Kh4 63. Bc6 Ne6 64. Bb7 Nf4+ 65. Kg1 Kg4 66. Bc6 Kf5 67. Bb7 Ke5 68. Bc6 Kd4 69. Bd7 Ke3 70. Bc6 Kd4 71. Bd7 Ke4 72. Bc6+ Ke3 73. Bb7 Ke2 74. Bc6 Kd3 75. Bd7 Kc4 76. Bc6 Kc5 77. Be8 Kd6 78. Bc6 Ke5 79. Bb7 Ne2+ 80. Kf1 Nd4 81. Kg2 Kf4 82. Bc6 Nf5 83. Bb7 Nh4+ 84. Kg1 Kg4 85. Bc6 Kf4 86. Bb7 Ke3 87. Bc6 Kf4 88. Bb7 Kg4 89. Bc8+ Kf3 90. Bb7+ Kf4 91. Bc6 Nf3+ 92. Kg2 Nd4 93. Kg1 Ne2+ 94. Kg2 Nd4 95. Kg1 Nf3+ 96. Kg2 Nh4+ 97. Kg1 g2 98. Kf2 Ke5 99. Bd7 Kd6 100. Bc6 Kc5 101. Bd7 Kc4 102. Bc6 Kd4 103. Bd7 Kc5 104. Bc6 Nf5 105. Kxg2 Nd4 106. Bd7 Nxb5 107. Kf2 Nd4 108. Ke3 Nc6 109. Kd2 Ne5 110. Be8 Nc4+ 111. Kc3 Nd6 112. Bd7 b5 1/2-1/2

[Event "Asian-ch Indoor Games qual Men"]
[Site "Bangkok"]
[Date "2017.04.28"]
[Round "1.4"]
[White "Trisa Ard, Nakorn"]
[Black "Tantipura, Noppakorn"]
[Result "1/2-1/2"]
[WhiteElo "2167"]
[BlackElo "1736"]
[PlyCount "103"]
[EventDate "2017.04.28"]
[EventType "swiss"]
[EventRounds "9"]
[EventCountry "THA"]
[SourceTitle "EXT 2024"]
[Source "ChessBase"]
[SourceDate "2023.10.10"]
[SourceVersion "1"]
[SourceVersionDate "2023.10.10"]
[SourceQuality "1"]

1. d4 Nf6 2. c4 g6 3. Nc3 Bg7 4. e4 d6 5. Nf3 0-0 6. Be2 e5 7. dxe5 dxe5 8. Qxd8 Rxd8 9. 0-0 Nbd7 10. Bg5 c6 11. Rfd1 Re8 12. Rd6 h6 13. Bh4 g5 14. Bg3 Nh5 15. Rad1 Nxg3 16. hxg3 Nc5 17. b4 Ne6 18. b5 Bf8 19. R6d2 f6 20. Nh2 Bb4 21. Bh5 Re7 22. Rc1 Nd4 23. Rd3 Bxc3 24. Rcxc3 c5 25. Rd2 Be6 26. Ng4 Bxg4 27. Bxg4 b6 28. Ra3 Kf7 29. Bh5+ Ke6 30. Ra6 Rd8 31. Kf1 f5 32. Bg6 Red7 33. f3 f4 34. Bh5 Kf6 35. Bg4 Ne6 36. Rxd7 Rxd7 37. gxf4 exf4 38. a4 Rb7 39. Bxe6 Kxe6 40. Ke2 Ke5 41. Kd3 g4 42. a5 gxf3 43. gxf3 h5 44. axb6 axb6 45. Ra8 Rh7 46. Re8+ Kf6 47. Rf8+ Rf7 48. e5+ Ke6 49. Rxf7 Kxf7 50. Ke4 Ke6 51. Kxf4 h4 52. Ke3 1/2-1/2

[Event "Bangkok Assumption op"]
[Site "Bangkok"]
[Date "2017.03.10"]
[Round "1"]
[White "Khumnorkaew, Tupfah"]
[Black "Tantipura, Noppakorn"]
[Result "1-0"]
[WhiteElo "2111"]
[BlackElo "1582"]
[PlyCount "72"]
[EventDate "2017.03.10"]
[EventType "swiss"]
[EventRounds "9"]
[EventCountry "THA"]
[SourceTitle "EXT 2018"]
[Source "ChessBase"]
[SourceDate "2017.10.13"]
[SourceVersion "1"]
[SourceVersionDate "2017.10.13"]
[SourceQuality "1"]

1. e4 c5 2. Nf3 d6 3. d4 cxd4 4. Nxd4 Nf6 5. Nc3 a6 6. h3 e5 7. Nde2 Be6 8. g4 Be7 9. Bg2 b5 10. 0-0 b4 11. Nd5 Nxd5 12. exd5 Bc8 13. Ng3 Nd7 14. Be3 0-0 15. Qd2 Nb6 16. Qxb4 Rb8 17. b3 Qc7 18. Qd2 Bd7 19. c4 Rfc8 20. Rfd1 Bf8 21. Rac1 g6 22. Bh6 f5 23. gxf5 Bxf5 24. Nxf5 gxf5 25. Qg5+ Kh8 26. Rd3 Bxh6 27. Qxh6 Nd7 28. Rg3 Rg8 29. Rcc3 f4 30. Rg4 Rxg4 31. hxg4 Rg8 32. Rh3 Rg7 33. Be4 Nf8 34. Bf5 Qf7 35. Rh5 Ng6 36. Kh1 Kg8 1-0

[Event "ASEAN-ch qual U14 17th"]
[Site "Bangkok"]
[Date "2016.04.04"]
[Round "1.2"]
[White "Tantipura, Noppakorn"]
[Black "Buhagiar, Julian Robert"]
[Result "1-0"]
[WhiteElo "1469"]
[BlackElo "1370"]
[PlyCount "65"]
[EventDate "2016.04.04"]
[EventType "swiss"]
[EventRounds "6"]
[EventCountry "THA"]
[SourceTitle "EXT 2024"]
[Source "ChessBase"]
[SourceDate "2023.10.10"]
[SourceVersion "1"]
[SourceVersionDate "2023.10.10"]
[SourceQuality "1"]

1. e4 c5 2. Nf3 d6 3. d4 cxd4 4. Nxd4 Nf6 5. Nc3 a6 6. Bg5 e6 7. f4 Nbd7 8. Qf3 Be7 9. Bc4 Nb6 10. Bb3 0-0 11. 0-0-0 Bd7 12. g4 e5 13. Nf5 Bxf5 14. gxf5 h6 15. h4 exf4 16. Bxf4 Rc8 17. e5 Nfd7 18. exd6 Bxh4 19. Qg4 g5 20. Rxh4 Nf6 21. Bxg5 Nxg4 22. Bxd8 Nf2 23. Rg1+ Kh7 24. Bxb6 Rg8 25. Bxf2 Rxg1+ 26. Bxg1 Re8 27. Ne4 Rd8 28. d7 b5 29. Bxf7 Rf8 30. Bg6+ Kg7 31. Bd4+ Kg8 32. Rxh6 Rxf5 33. Rh8# 1-0